000 01052nam a2200277Ia 4500
003 OSt
005 20221005110840.0
006 a|||||r|||| 00| 0
007 ta
008 221004b |||||||| |||| 00| 0 hin d
020 _a9789387462878 (hbk)
_cINR 250.00
024 _a42417
037 _bBR/7268, 16/02/2019, Rajkamal Prakashan Pvt. Ltd.
_cTextual
040 _aCRL
_cCRL
_bhin
041 _2hin
_ahin
082 _aO152,1N34x, Q8
100 _aकेदारनाथ सिंह, ले.
245 0 _aमतदान केन्द्र पर झपकी
246 _aMatadān kendra par zapakī
260 _aनई दिल्ली
_bराजकमल प्रकाशन भारत
_c2018
300 _a70पृ0
_ccm.
650 _a हिन्दी साहित्य
650 _aहिन्दी कविता
942 _hO152,1N34x, Q8
_cTEXL
_2cc
999 _c1020060
_d1020060